Únavové vlastnosti tvárné litiny [projekt GA ČR 106/971112, ... a VEGA SR 1/8056/01]

Bibliographic Details
Main Authors: Věchet, Stanislav, 1949- (Author), Kohout, Jan 1952- (Author), Bokůvka, Otakar, 1945- (Author)
Format: Book
Language:Czech
PhysicalDescription:157 strán fotografie, schémy, tabuľky 25 cm
Published: Žilina Žilinská univerzita 2002
ISBN:8071009733
Edition:2. vyd.
Series:Vysokoškolské učebnice
Subjects:

MARC

LEADER 00000cam a2200000 a 4500
001 vtls001479872
003 SK-MaSNL
005 20260302002931.0
008 240226s2002 xo ol ern p 000 0 cze
015 |a SNBA2004/08-04583 
020 |a 8071009733  |q (viazané) 
035 |a SNK000435170 
035 |a urn:nbn:sk:snk-am3j30q 
035 |a 35F525F8-2631-4837-9C8D-0A5072D641A5 
035 |a urn:nbn:sk:snk-am00gh3u 
040 |a SNK  |b slo  |c SNK  |e AACR2 
041 0 |a cze 
044 |a xo  |c SK 
072 7 |a 620.1/.2  |x Náuka o materiáli  |2 konspekt 
080 |a 620.17  |2 1997 
080 |a 669.055  |2 2011 
080 |a 539.388.1  |2 2011 
080 |a 620-178.3  |2 2011 
080 |a 620.17  |2 2011 
080 |a (075.8)  |2 2011 
100 1 |a Věchet, Stanislav,  |d 1949-  |4 aut  |9 131441 
245 1 0 |a Únavové vlastnosti tvárné litiny  |b [projekt GA ČR 106/971112, ... a VEGA SR 1/8056/01]  |c Stanislav Věchet, Jan Kohout, Otakar Bokůvka 
250 |a 2. vyd. 
260 |a Žilina  |b Žilinská univerzita  |c 2002 
300 |a 157 strán  |b fotografie, schémy, tabuľky  |c 25 cm 
366 |e 100 kusov 
490 1 |a Vysokoškolské učebnice 
504 |a Bibliografia na strane 155-157 
650 0 7 |a zliatiny  |2 SNKPH  |9 78943 
650 0 7 |a únava materiálu  |2 SNKPH  |9 3739 
650 0 7 |a skúšanie mechanických vlastnosti materiálu  |2 SNKPH  |9 640937 
655 7 |a učebnice vysokých škôl  |2 SNKPH  |9 70191 
700 1 |a Kohout, Jan  |d 1952-  |4 aut  |9 393333 
700 1 |a Bokůvka, Otakar,  |d 1945-  |4 aut  |9 196729 
810 2 |a Žilinská univerzita v Žiline  |t Vysokoškolské učebnice  |9 176451 
919 |a 80-7100-973-3 
958 |a NB 
958 |a OND 
999 |c 990021  |d 991951 
952 |a SNK  |b SNK  |y PREZ  |7 0  |p 17A0439282  |o snkSC 116934  |i snkKSP 10667/2004  |0 0  |1 0  |4 0  |d 2004-08-09  |f 1  |l 0  |r 2025-10-16 00:00:00  |w 2026-02-24 
952 |t snkUNA 620.1  |a SNKUST  |b SNKUST  |y PREZ  |7 0  |p 17A0439283  |o snkSC 116934 D1  |i snkKSP 10668/2004  |0 0  |1 0  |4 0  |d 2004-08-09  |l 0  |r 2025-05-28 00:00:00  |w 2026-02-24